Premis de Comunicació Local de la Diputació de Barcelona 2002
Descripción Física:
1 llibreta de paper quadriculat ; 19 x 10 cm
MARC
| LEADER | 00000nam a2200000Ia 4500 | ||
|---|---|---|---|
| 001 | 24511 | ||
| 008 | 160829s2002 xx 000 0 cat d | ||
| 080 | |a NBM-12-12 | ||
| 245 | |a Premis de Comunicació Local de la Diputació de Barcelona 2002 | ||
| 260 | |a [Barcelona] : |b Diputació de Barcelona. Àrea de Presidència. Servei de Premsa, |c 2002 | ||
| 300 | |a 1 llibreta de paper quadriculat ; |c 19 x 10 cm | ||
| 610 | 1 | 0 | |a Barcelona (Catalunya : Província). |b Diputació |x Premis |9 54545 |
| 710 | 1 | |a Barcelona (Catalunya : Província). |b Servei de Premsa |9 54967 | |
| 901 | |a Arxiu | ||
| 942 | |n 1 |2 udc | ||
| 952 | |0 0 |1 0 |4 0 |6 NBM1212 |7 1 |9 55935 |a Arxiu |b Arxiu |d 2016-12-01 |l 0 |o NBM-12-12 |p 24511 |r 2016-12-01 00:00:00 |w 2016-12-01 |y ARXIU | ||
| 999 | |c 59808 |d 59808 | ||